000 00631nam a2200229Ia 4500
003 OSt
005 20220912151622.0
006 a|||||r|||| 00| 0
007 ta
008 220909b |||||||| |||| 00| 0 eng d
024 _a3695
037 _cTextual
040 _aCSL
_beng
_cCSL
041 _aeng
110 _aCefipra
245 0 _aIndo-French collaborative research projects by Cefipra
260 _aNew Delhi
_b Centre Franco-Indien Pour La Promotion De La Recherche Avancee
_c1998
300 _a299p
500 _aIncludes bibliographical references; ^mGift
942 _cTEXL
_2CC
999 _c72559
_d72559